Word Ladder: Seal Songs Quiz Stats

 Plays Quiz Updated Mar 7, 2019

Score 0/22 Timer 02:00
0 Plays Today
Hint Four-Letter Word % Correct
Fail to hitMISS
97.9%
♪ Fly ____ an Eagle ♪♪ LIKE ♪
97.5%
FogMIST
97.2%
First name of a SkywalkerLUKE
96.5%
SpeakTALK
93.6%
♪ ____ From a Rose ♪♪ KISS ♪
92.9%
♪ ____ On By ♪♪ WALK ♪
92.4%
Opposite of buySELL
92%
A number of connected itemsLIST
90.9%
A barrierWALL
89.8%
A small, sharp nailTACK
88.7%
Hint Four-Letter Word % Correct
The subject of this word ladderSEAL
87.1%
Be withoutLACK
86.9%
♪ ____ Be a Lady ♪♪ LUCK ♪
84.2%
Burn or scorch the surfaceSEAR
83.6%
♪ Wishing On a ____♪ STAR ♪
82.1%
Raise to a higher positionLIFT
80.6%
♪ Padded ____♪ CELL ♪
80.2%
Henry who started Time MagazineLUCE
78.9%
Cry outCALL
77.9%
♪ The Right ____♪ LIFE ♪
77.8%
♪ Let's ____ Together ♪♪ STAY ♪
70.5%

Today's Daily Dose

Missing Word
1940s A-Z

Quick Pick
'S' Athletes

Get the Picture
Depp or Bonham Carter

You're not logged in!

Compare scores with friends on all Sporcle quizzes.
OR
Log In

Sporcle TV

Today on Sporcle TV


Watch our educational content, quiz creation guides, and fun videos on Sporcle TV.

Show Comments

Extras

Top Quizzes Today


Score Distribution

Your Account Isn't Verified!

In order to create a playlist on Sporcle, you need to verify the email address you used during registration. Go to your Sporcle Settings to finish the process.

Report this User

Report this user for behavior that violates our Community Guidelines.

Details: